000 01011cam a22003253a 4500
001 4078
003 PGUSA
005 20140828083048.0
008 030501s2003||||xxu|||||s|||||000 1 eng d
040 _aPGUSA
_beng
042 _adc
050 4 _aPR
100 1 _aWilde, Oscar,
_d1854-1900
245 1 4 _aThe Picture of Dorian Gray
_h[electronic resource] /
_cOscar Wilde
260 _bProject Gutenberg,
_c2003
500 _a1890, 13-chapter version
506 _aPublic domain in the USA.
516 _aElectronic text
653 _aParanormal fiction
653 _aSupernatural -- Fiction
653 _aConduct of life -- Fiction
653 _aGreat Britain -- History -- Victoria, 1837-1901 -- Fiction
653 _aDidactic fiction
653 _aPortraits -- Fiction
653 _aAppearance (Philosophy) -- Fiction
653 _aLondon (England) -- History -- 1800-1950 -- Fiction
830 0 _aProject Gutenberg
_v4078
856 4 0 _uhttp://www.gutenberg.org/ebooks/4078
942 _cEB
999 _c233407
_d233407